Normal view
MARC view
- بقلم ابو العلاء عفيفي
Entry Personal Name
001 - CONTROL NUMBER
- control field: 59372
003 - CONTROL NUMBER IDENTIFIER
- control field: JO-AjAnu
005 - DATE AND TIME OF LATEST TRANSACTION
- control field: 20230606083717.0
008 - FIXED-LENGTH DATA ELEMENTS
- fixed length control field: 230606|| aca||aabn | a|a d
040 ## - CATALOGING SOURCE
- Original cataloging agency: JO-AjAnu
- Transcribing agency: JO-AjAnu
100 ## - HEADING--PERSONAL NAME
- Personal name: بقلم ابو العلاء عفيفي
670 ## - SOURCE DATA FOUND
- Source citation: Work cat.: (JO-AjAnu)30282: بقلم ابو العلاء عفيفي, author, فصوص الحكم للشيخ الأكبر محيى الدين بن عربي المتوفى سنة 638 هجرية و التعليقات عليه